00644nam a2200241 a 4500001001300000003000900013005001700022008004100039020000800080082001500088100001500103245003500118260003800153300000900191500003500200505001000235650001900245700001500264902000800279942000700287952009300294999001500387nice12345678IN_TiNIC20260116011457.0050524s1923 newa grp 000 0 eng  ac000a956.1bDAV aDavis, W S aShort History of the Near East aNew YorkbMacmillan Companyc1923 a408p aincludes index and biblioraphy2 aIndex aTurkey-History1 aDavis, W S bSRS cBK 00104070aHMIbHMId2005-05-24g0.00l0o956.1 DAVp01002r2005-05-24w2026-01-16yEB c1883d1883